Business / (Record no. 116)

000 -LEADER
fixed length control field 01187cam a2200397 a 4500
003 - CONTROL NUMBER IDENTIFIER
control field ALUPE UNIVERSITY
005 - DATE AND TIME OF LATEST TRANSACTION
control field 20210603092135.0
008 - FIXED-LENGTH DATA ELEMENTS--GENERAL INFORMATION
fixed length control field 091106s2011 oncabc b 001 0 eng
020 ## - INTERNATIONAL STANDARD BOOK NUMBER
International Standard Book Number 9780137151202 :
020 ## - INTERNATIONAL STANDARD BOOK NUMBER
International Standard Book Number 9780135119136
040 ## - CATALOGING SOURCE
Transcribing agency CaOONL
043 ## - GEOGRAPHIC AREA CODE
Geographic area code n-cn---
055 01 - CLASSIFICATION NUMBERS ASSIGNED IN CANADA
Classification number HD31
055 #3 - CLASSIFICATION NUMBERS ASSIGNED IN CANADA
Classification number HD31
Item number B87 2011
090 ## - LOCALLY ASSIGNED LC-TYPE CALL NUMBER (OCLC); LOCAL CALL NUMBER (RLIN)
Classification number (OCLC) (R) ; Classification number, CALL (RLIN) (NR) 658 BUS
090 ## - LOCALLY ASSIGNED LC-TYPE CALL NUMBER (OCLC); LOCAL CALL NUMBER (RLIN)
Classification number (OCLC) (R) ; Classification number, CALL (RLIN) (NR) 658 B7901 2010
245 00 - TITLE STATEMENT
Title Business /
Statement of responsibility, etc. Ricky W. Griffin ... [and others].
250 ## - EDITION STATEMENT
Edition statement Seventh Canadian edition
260 ## - PUBLICATION, DISTRIBUTION, ETC.
Place of publication, distribution, etc. Toronto :
Name of publisher, distributor, etc. Pearson Canada,
Date of publication, distribution, etc. c2011.
300 ## - PHYSICAL DESCRIPTION
Extent xxviii, 683 pages :
Other physical details illustrations (chiefly color), maps, portraits
336 ## - CONTENT TYPE
Content type term text
Content type code txt
Source rdacontent
337 ## - MEDIA TYPE
Media type term unmediated
Media type code n
Source rdamedia
338 ## - CARRIER TYPE
Carrier type term volume
Carrier type code nc
Source rdacarrier
504 ## - BIBLIOGRAPHY, ETC. NOTE
Bibliography, etc. note Includes bibliographical references and indexes.
650 #0 - SUBJECT ADDED ENTRY--TOPICAL TERM
Topical term or geographic name entry element Industrial management.
650 #0 - SUBJECT ADDED ENTRY--TOPICAL TERM
Topical term or geographic name entry element Business enterprises.
650 #0 - SUBJECT ADDED ENTRY--TOPICAL TERM
Topical term or geographic name entry element Industrial management
Geographic subdivision Canada.
650 #0 - SUBJECT ADDED ENTRY--TOPICAL TERM
Topical term or geographic name entry element Business enterprises
Geographic subdivision Canada.
700 1# - ADDED ENTRY--PERSONAL NAME
Personal name Griffin, Ricky W.
910 ## - USER-OPTION DATA (OCLC)
User-option data Canadian
942 ## - ADDED ENTRY ELEMENTS (KOHA)
Source of classification or shelving scheme
Koha item type Book
Suppress in OPAC JO
Holdings
Withdrawn status Lost status Source of classification or shelving scheme Damaged status Not for loan Permanent Location Current Location Shelving location Date acquired Total Checkouts Full call number Barcode Date last seen Date last checked out Copy number Price effective from Koha item type Public note
          AU LIBRARY AU LIBRARY Open Shelf 03.06.2021 1 HD31 .B87 2011 C1 28000151 16.11.2022 10.11.2022 1 03.06.2021 Book JO
          AU LIBRARY AU LIBRARY Open Shelf 16.06.2021 1 HD31 .B87 2011 C2 28003062 29.10.2021 15.10.2021 2 16.06.2021 Book DO

Powered by Koha